[Event "AUTO-INT-451"]
[Site "http://www.queenalice.com/game.php?id=209529"]
[Date "2007.5.11"]
[Round "1"]
[White "rymurian"]
[Black "Nakgada"]
[Result "0-1"]
[WhiteElo "1488"]
[BlackElo "1627"]

1. e4 e6 2. d4 c5 3. c3 Nc6 4. Nf3 Nf6 5. Bd3 Qa5 6. O-O cxd4 7. cxd4 Nb4 8. Nc3
d5 9. e5 Nd7 10. Bd2 Nxd3 11. Qc2 Nb4 12. Qa4 Qxa4 13. Nxa4 b5 14. Nc3 a6 15. a3
Nc6 16. Rac1 Bb7 17. Rc2 Be7 18. Bc1 Nb6 19. Nd2 Nxd4 0-1

[Event "AUTO-INT-451"]
[Site "http://www.queenalice.com/game.php?id=209537"]
[Date "2007.5.11"]
[Round "1"]
[White "rymurian"]
[Black "amadeuswags"]
[Result "1-0"]
[WhiteElo "1640"]
[BlackElo "1331"]

1. e4 Nf6 2. e5 Nd5 3. Nf3 g6 4. d4 d6 5. Bc4 Nb6 6. Bb3 Bg7 7. O-O N8d7 8. Bf4
f6 9. exd6 cxd6 10. Re1 g5 11. Bxd6 1-0

[Event "Let's Play Chess!"]
[Site "http://www.queenalice.com/game.php?id=209554"]
[Date "2007.5.12"]
[Round "-"]
[White "hollis1us"]
[Black "rymurian"]
[Result "0-1"]
[WhiteElo "1582"]
[BlackElo "1474"]

1. e4 e5 2. Nf3 Nc6 3. d4 exd4 4. Nxd4 Nf6 5. Nxc6 bxc6 6. Qd3 d5 7. Bg5 Be7 8.
Nd2 Rb8 9. b3 O-O 10. e5 Nd7 11. Bxe7 Qxe7 12. Nf3 Nxe5 13. Nxe5 Qxe5+ 14. Be2
Qxa1+ 15. Qd1 Qxa2 16. O-O Bf5 17. Bd3 Bxd3 18. cxd3 Rxb3 19. h3 Rfb8 20. Qg4
Rb1 21. Rxb1 Qxb1+ 22. Kh2 Qxd3 23. Qd7 Qg6 24. Qxc7 Ra8 25. Qb7 Qd6+ 26. g3 Qd8
27. Qxc6 a5 28. f4 a4 0-1

[Event "AUTO-INT-510"]
[Site "http://www.queenalice.com/game.php?id=233020"]
[Date "2007.6.30"]
[Round "1"]
[White "ItsYouThatIAdore"]
[Black "rymurian"]
[Result "1-0"]
[WhiteElo "1801"]
[BlackElo "1667"]

1. c3 Nf6 2. Qc2 g6 3. d4 Bg7 4. Bg5 O-O 5. Nd2 d5 6. h4 Nbd7 7. Ngf3 Re8 8.
O-O-O e5 9. dxe5 Nxe5 10. h5 Bf5 11. Qb3 b6 12. hxg6 fxg6 13. e4 Nxf3 14. Bxf6
Nxd2 15. Rxd2 Qxf6 16. exf5 Re1+ 17. Kc2 Qxf5+ 18. Bd3 Qe6 19. Rxe1 Qxe1 20.
Qxd5+ Kh8 21. Qxa8+ Qe8 22. Qxe8+ Bf8 23. Qxf8# 1-0

[Event "AUTO-INT-510"]
[Site "http://www.queenalice.com/game.php?id=233021"]
[Date "2007.6.30"]
[Round "1"]
[White "rymurian"]
[Black "ItsYouThatIAdore"]
[Result "1-0"]
[WhiteElo "1644"]
[BlackElo "1796"]

1. e4 e5 2. Nf3 Nc6 3. Bb5 Bc5 4. c3 d6 5. d4 exd4 6. cxd4 Bb4+ 7. Kf1 Bd7 8.
Bc4 Nf6 9. Nc3 Bg4 10. Be3 Bxc3 11. bxc3 Nxe4 12. Rc1 O-O 13. Rb1 Nxc3 14. Qc2
Bf5 15. Qxf5 Nxb1 16. Qxb1 Na5 17. Bd5 c6 18. Be4 g6 19. g3 Qf6 20. Kg2 Rfe8 21.
Re1 Qe7 22. Bd3 1-0

[Event "AUTO-INT-510"]
[Site "http://www.queenalice.com/game.php?id=233038"]
[Date "2007.6.30"]
[Round "1"]
[White "rymurian"]
[Black "jonathanodonnell"]
[Result "0-1"]
[WhiteElo "1636"]
[BlackElo "1499"]

1. e4 c6 2. d4 d5 3. Nc3 dxe4 4. Nxe4 Nd7 5. Nf3 Ngf6 6. Bd3 g6 7. O-O Bg7 8.
Re1 O-O 9. b3 e5 10. dxe5 Nxe4 11. Bxe4 Nxe5 12. Nxe5 Bxe5 13. Rb1 Qc7 14. g3
Rd8 15. Qe2 Be6 16. Bg2 Rd7 17. Qxe5 Qxe5 18. Rxe5 Rd1+ 19. Bf1 Rad8 20. Re2 Bh3
21. Bd2 Rxb1 22. Re1 Rxe1 23. Bxe1 Rd1 24. Bxh3 Rxe1+ 25. Bf1 Kg7 26. f3 b5 27.
Kf2 Ra1 0-1

[Event "AUTO-INT-510"]
[Site "http://www.queenalice.com/game.php?id=233039"]
[Date "2007.6.30"]
[Round "1"]
[White "jonathanodonnell"]
[Black "rymurian"]
[Result "1-0"]
[WhiteElo "1560"]
[BlackElo "1599"]

1. e4 e5 2. Nf3 Nc6 3. Bb5 Nf6 4. Bxc6 bxc6 5. d4 exd4 6. Qxd4 d5 7. e5 Ne4 8.
Nc3 Bc5 9. Qd3 Nxf2 10. Qe2 Nxh1 11. Bg5 Be7 12. Bxe7 Qxe7 13. O-O-O O-O 14.
Rxh1 a5 15. Re1 a4 16. a3 Ba6 17. Qe3 Rad8 18. h4 c5 19. Nxa4 d4 20. Qe4 h6 21.
b3 Rd7 22. Nb2 Rb8 23. g4 Bb7 24. Qf5 Bxf3 25. Qxf3 Qxh4 26. Rh1 Qg5+ 27. Kb1
Qxe5 28. Rh5 Qe1+ 29. Nd1 c4 30. b4 Qe6 31. g5 d3 32. c3 Ra8 33. Qxa8+ Kh7 34.
Qh1 Rd6 35. gxh6 gxh6 36. Rh2 1-0

[Event "AUTO-INT-510"]
[Site "http://www.queenalice.com/game.php?id=233040"]
[Date "2007.6.30"]
[Round "1"]
[White "rymurian"]
[Black "Tiorrona"]
[Result "0-1"]
[WhiteElo "1657"]
[BlackElo "1540"]

1. e4 e5 2. Nf3 Nc6 3. Bb5 Nd4 4. Nxd4 exd4 5. d3 c6 6. Ba4 h6 7. O-O Bd6 8. c3
Bb8 9. cxd4 Qc7 10. Nc3 Qxh2# 0-1

[Event "AUTO-INT-510"]
[Site "http://www.queenalice.com/game.php?id=233041"]
[Date "2007.6.30"]
[Round "1"]
[White "Tiorrona"]
[Black "rymurian"]
[Result "1-0"]
[WhiteElo "1592"]
[BlackElo "1616"]

1. e4 e5 2. Qf3 Nf6 3. Bc4 Bb4 4. c3 Bc5 5. d4 d5 6. exd5 exd4 7. cxd4 Bxd4 8.
Ne2 Bb6 9. O-O O-O 10. Qg3 h6 11. Bxh6 g6 12. Bxf8 Qxf8 13. Na3 Bf5 14. Rae1 1-0

[Event "AUTO-INT-553"]
[Site "http://www.queenalice.com/game.php?id=248015"]
[Date "2007.7.29"]
[Round "1"]
[White "rbivanov"]
[Black "rymurian"]
[Result "1-0"]
[WhiteElo "1549"]
[BlackElo "1621"]

1. d4 Nf6 2. Nc3 g6 3. e4 d6 4. Nf3 Bg7 5. Bc4 O-O 6. O-O Nbd7 7. Be3 Re8 8. Re1
e5 9. dxe5 dxe5 10. h3 b6 11. b4 Bb7 12. Qd2 Nxe4 13. Nxe4 Bxe4 14. c3 Bxf3 15.
gxf3 e4 16. fxe4 Rxe4 17. Bd5 Re8 18. Bxa8 Qxa8 19. Qxd7 Bxc3 20. Bd2 Bxa1 21.
Rxe8+ 1-0

[Event "AUTO-INT-553"]
[Site "http://www.queenalice.com/game.php?id=248016"]
[Date "2007.7.29"]
[Round "1"]
[White "rymurian"]
[Black "rbivanov"]
[Result "0-1"]
[WhiteElo "1627"]
[BlackElo "1553"]

1. e4 e5 2. Nf3 Nc6 3. Bb5 a6 4. Ba4 b5 5. Bb3 Nf6 6. d3 Bc5 7. Bg5 h6 8. Bh4 g5
9. Bg3 O-O 10. Nxe5 Nxe5 11. Bxe5 d6 12. Bg3 Re8 13. Nd2 Be6 14. O-O Qd7 15. e5
dxe5 16. Bxe5 Bxb3 17. Bxf6 Bd5 18. Qh5 Kh7 19. Bxg5 Bf8 20. Be3 Qc6 21. Qf5+
Kg8 22. Qg4+ Kh8 23. Bd4+ Kh7 24. c3 Qg6 25. Qxg6+ fxg6 26. b3 Bg7 27. Bxg7 Kxg7
28. Rfe1 c5 29. f3 Rxe1+ 30. Rxe1 Kf6 31. Kf2 h5 32. Ke3 Re8+ 33. Kf4 Rxe1 0-1

[Event "AUTO-INT-553"]
[Site "http://www.queenalice.com/game.php?id=248037"]
[Date "2007.7.29"]
[Round "1"]
[White "ricardosf"]
[Black "rymurian"]
[Result "0-1"]
[WhiteElo "1377"]
[BlackElo "1615"]

1. e3 d5 2. Bb5+ Bd7 3. Bxd7+ Nxd7 4. Qf3 e5 5. Qxd5 c6 6. Qf3 Ngf6 7. d4 exd4
8. exd4 Nb6 9. Qe3+ Be7 10. b4 O-O 11. h4 Re8 12. h5 Bxb4+ 13. Bd2 Rxe3+ 14.
fxe3 Bxd2+ 15. Nxd2 Qe7 16. h6 Qxe3+ 17. Ne2 Re8 18. hxg7 Qxe2# 0-1

[Event "AUTO-INT-553"]
[Site "http://www.queenalice.com/game.php?id=248038"]
[Date "2007.7.29"]
[Round "1"]
[White "rymurian"]
[Black "ricardosf"]
[Result "1-0"]
[WhiteElo "1608"]
[BlackElo "1420"]

1. e4 d5 2. Nc3 d4 3. Nd5 e6 4. Nf4 g5 5. Nfe2 Bb4 6. c3 dxc3 7. bxc3 Ba5 8. h3
f5 9. Qa4+ c6 10. Nd4 fxe4 11. Nb3 b5 12. Qxe4 Nf6 13. Qc2 b4 14. Bb2 bxc3 15.
Bxc3 Bxc3 16. Qxc3 Nd5 17. Qxh8+ Kd7 18. Qxh7+ Ne7 19. Nf3 Qg8 20. Qd3+ Nd5 21.
Rb1 Ba6 22. Nc5+ Kd6 23. Nxa6 Nxa6 24. Qxa6 Rb8 25. Rxb8 Qxb8 26. Qa3+ Nb4 27.
Bd3 c5 28. O-O Nxd3 29. Qxd3+ 1-0